Loading...
Fine Arts - Auditory Fine Arts | 2 | 2 | 0 | 0 | 50 | 47 | 75.00 | 2 | 4 |
Science - Chemistry | 2 | 3 | 2 | 0 | 50 | 38 | 68.80 | 1 | 5 |
Science - Biology | 2 | 4 | 4 | 0 | 50 | 41 | 57.50 | 2 | 6 |
Science - Physics | 2 | 3 | 4 | 1 | 40 | 16 | 71.80 | 3 | 5 |
History - Other History | 2 | 0 | 0 | 0 | 30 | 25 | 30.50 | 2 | 2 |
Mythology | 1 | 1 | 0 | 0 | 25 | 10 | 42.00 | 1 | 2 |
Literature - British Literature | 0 | 2 | 0 | 1 | 20 | 123 | 135.00 | 0 | 1 |
Social Science | 1 | 0 | 0 | 0 | 15 | 59 | 59.00 | 1 | 1 |
Literature - American Literature | 1 | 0 | 0 | 0 | 15 | 64 | 64.00 | 0 | 0 |
Fine Arts - Other Fine Arts | 1 | 0 | 0 | 0 | 15 | 41 | 41.00 | 1 | 1 |
Literature - European Literature | 0 | 1 | 0 | 0 | 10 | 103 | 103.00 | 0 | 1 |
History - World History | 0 | 1 | 0 | 0 | 10 | 121 | 121.00 | 0 | 1 |
Religion | 0 | 1 | 1 | 0 | 5 | 70 | 70.00 | 0 | 0 |
Science - Other Science | 0 | 2 | 3 | 0 | 5 | 113 | 115.50 | 0 | 1 |
Philosophy | 0 | 1 | 1 | 0 | 5 | 119 | 119.00 | 0 | 1 |
Literature - World Literature | 0 | 0 | 1 | 0 | -5 | 0.00 | 0 | 0 |